| 000 | 00548nam a22001697a 4500 | ||
|---|---|---|---|
| 999 |
_c9417 _d9417 |
||
| 008 | 210410b ||||| |||| 00| 0 eng d | ||
| 040 | _aBMS College of Architecture | ||
| 100 | _aT, D, Raj Kumar | ||
| 245 | _aUrban Greenway Corridor Bangalore metropolitan region | ||
| 300 | _aIII. 178p. | ||
| 500 | _a1BM05AHD06 | ||
| 502 |
_8M.Arch (Habitat Design) _NBMS College of Architecture, Visvesvaraya Technological University _aDissertation _d2007 |
||
| 650 | _aUrban | ||
| 650 | _aMetropolitan | ||
| 700 |
_aSatish S Rao _eGuide |
||
| 942 |
_2ddc _cPGTHE |
||